00723nam a2200217 a 450000100060000000300080000600500170001400800410003103500190007204000360009104100080012708200260013510000270016124501090018826000370029730000330033449000410036765000340040865000190044283000440046171081BD-RjUL20211209082057.0170424s1952 enka b 000 0 eng d a(BD-RjUL)71296 aDLC/ICUcCGUdEQOdBD-RjULbeng aeng04a016.532223bREB 19521 aRedding, Thomas Henry.12aA bibliographical survey of flow through orifices and parallel-throated nozzles /cThomas Henry Redding. aLondon :bChapman & Hall,c1952. aix, 196 p. :bill. ;c26 cm.1 aB.S.I.R.A. Research publicationvM.9 0aBibliography xFluid dynamics 0aFluid dynamics 0aB.S.I.R.A. research publication ;vM.9.